All the UEFA Cup Winner's Cup Winners - Statistics

General Stats
  • This quiz has been taken 21 times
  • The average score is 20 of 39
Answer Stats
Year Winner % Correct
1993-94 Arsenal
95%
1990-91 Manchester United
84%
1967-68 AC Milan
79%
1972-73 AC Milan
79%
1978-79 FC Barcelona
79%
1981-82 FC Barcelona
79%
1988-89 FC Barcelona
79%
1996-97 FC Barcelona
79%
1983-84 Juventus
74%
1970-71 Chelsea
68%
1997-98 Chelsea
68%
1969-70 Manchester City
68%
1962-63 Tottenham
68%
1986-87 Ajax
63%
1966-67 Bayern Munich
63%
1961-62 Atlético Madrid
58%
1965-66 Borussia Dortmund
58%
1998-99 Lazio
58%
1995-96 Paris Saint-Germain
58%
1979-80 Valencia
58%
1984-85 Everton
47%
1971-72 Rangers
42%
1960-61 Fiorentina
37%
1964-65 West Ham United
37%
1974-75 Dynamo Kyiv
32%
1985-86 Dynamo Kyiv
32%
1989-90 Sampdoria
32%
1963-64 Sporting Lisbon
32%
1982-83 Aberdeen
26%
1975-76 Anderlecht
26%
1977-78 Anderlecht
26%
1976-77 Hamburger
26%
1973-74 Magdeburg
26%
1992-93 Parma
26%
1991-92 Werder Bremen
26%
1987-88 Mechelen
21%
1980-81 Dinamo Tbilisi
16%
1994-95 Real Zaragoza
16%
1968-69 Slovan Bratislava
16%
No matching quizzes found
Score Distribution
Percent of People with Each Score
Percentile by Number Answered
Your Score History
You have not taken this quiz